| 000 | 00538nam a22001937a 4500 | ||
|---|---|---|---|
| 005 | 20251108175047.0 | ||
| 008 | 250721s2012 xx 000 0 ara d | ||
| 082 | 1 | 4 | _a944/جلا |
| 100 | 1 | _aجلال، حسن | |
| 245 | 1 | 0 | _aالثورة الفرنسية / |
| 246 | 1 | 1 | _aFRENCH REVOLUTION |
| 264 | 1 |
_aالقاهرة : _bمكتبة النافذة، _c2012. |
|
| 300 | _a204 ص. | ||
| 650 | 1 | 7 | _aالثورة الفرنسية |
| 650 | 1 | 7 | _aالثورات |
| 650 | 1 | 7 | _aتاريخ فرنسا |
| 942 |
_2ddc _cBK |
||
| 999 |
_c125164 _d125164 |
||